[Event "ARG-ch U16"]
[Site "Villa Martelli"]
[Date "2018.02.09"]
[Round "1.5"]
[White "Faingerch, Sebastian"]
[Black "Geslin, Ariel"]
[Result "1-0"]
[WhiteElo "1922"]
[BlackElo "1496"]
[PlyCount "63"]
[EventDate "2018.02.09"]
[EventType "swiss"]
[EventRounds "9"]
[EventCountry "ARG"]
[SourceTitle "EXT 2024"]
[Source "ChessBase"]
[SourceDate "2023.10.10"]
[SourceVersion "1"]
[SourceVersionDate "2023.10.10"]
[SourceQuality "1"]

1. e4 Nf6 2. e5 Nd5 3. d4 d6 4. c4 Nb6 5. exd6 cxd6 6. b3 Nc6 7. Bb2 Bf5 8. Bd3 Bg6 9. Nf3 e6 10. Nc3 d5 11. c5 Nd7 12. a3 e5 13. Bxg6 hxg6 14. dxe5 Ndxe5 15. Nxe5 Nxe5 16. Nxd5 f6 17. b4 Be7 18. Bxe5 fxe5 19. Qa4+ Kf7 20. Nxe7 Qxe7 21. Rd1 Rhd8 22. 0-0 a6 23. Qb3+ Kf8 24. f4 e4 25. Qe3 Kf7 26. f5 Rxd1 27. fxg6+ Kxg6 28. Rxd1 Kf5 29. Qh3+ Kf6 30. Rd6+ Kg5 31. Qg3+ Kf5 32. Qg6+ 1-0

[Event "ARG-ch sf U14"]
[Site "Villaguay"]
[Date "2016.02.26"]
[Round "7"]
[White "Liguo, Cristian"]
[Black "Geslin, Ariel"]
[Result "1-0"]
[WhiteElo "1588"]
[BlackElo "1472"]
[PlyCount "75"]
[EventDate "2016.02.23"]
[EventType "swiss"]
[EventRounds "8"]
[EventCountry "ARG"]
[SourceTitle "EXT 2017"]
[Source "ChessBase"]
[SourceDate "2016.10.25"]
[SourceVersion "1"]
[SourceVersionDate "2016.10.25"]
[SourceQuality "1"]

1. e4 e5 2. Nf3 Nc6 3. Bb5 d6 4. c3 Nf6 5. d3 Bd7 6. Qe2 a6 7. Ba4 b5 8. Bb3 Bg4 9. Nbd2 g6 10. Nf1 Bg7 11. Bd2 0-0 12. h3 Be6 13. Bc2 Re8 14. g4 Qd7 15. Ng3 Red8 16. g5 Ne8 17. h4 Bg4 18. Qe3 d5 19. Nh2 Be6 20. f3 d4 21. Qe2 dxc3 22. bxc3 Rab8 23. h5 a5 24. hxg6 fxg6 25. Ng4 Bxg4 26. fxg4 Bf8 27. Qh2 b4 28. Bb3+ Kh8 29. 0-0-0 bxc3 30. Bxc3 Nd4 31. Bxd4 exd4 32. Qf2 Ba3+ 33. Kd2 Bb4+ 34. Kc2 Qg7 35. Rdf1 Nd6 36. Rxh7+ Qxh7 37. Qf6+ Qg7 38. Rh1# 1-0

[Event "ARG-ch sf U14"]
[Site "Villaguay"]
[Date "2016.02.24"]
[Round "3"]
[White "Moreira, Fabrizio Roberto Be"]
[Black "Geslin, Ariel"]
[Result "1/2-1/2"]
[WhiteElo "1596"]
[BlackElo "1472"]
[PlyCount "59"]
[EventDate "2016.02.23"]
[EventType "swiss"]
[EventRounds "8"]
[EventCountry "ARG"]
[SourceTitle "EXT 2017"]
[Source "ChessBase"]
[SourceDate "2016.10.25"]
[SourceVersion "1"]
[SourceVersionDate "2016.10.25"]
[SourceQuality "1"]

1. d4 d5 2. Nf3 Bf5 3. Bf4 Nf6 4. h3 Nc6 5. a3 e6 6. Nbd2 Bd6 7. Bxd6 cxd6 8. Nh4 Bg6 9. Nxg6 hxg6 10. e3 e5 11. c3 Qb6 12. Qb3 Qxb3 13. Nxb3 0-0 14. Be2 Ne4 15. 0-0 exd4 16. exd4 Rfe8 17. Rfe1 Re6 18. Bd3 Rae8 19. Bxe4 Rxe4 20. Rxe4 dxe4 21. Re1 f5 22. f3 Kf7 23. fxe4 Rxe4 24. Rxe4 fxe4 25. d5 Ne5 26. Nd2 e3 27. Ne4 Ke7 28. b3 Nd3 29. Kf1 Nf4 30. c4 1/2-1/2